La california del sur : de la construcción del nudo ferro-portuario al centenario local :
La temática que indaga este Cuaderno no sólo resulta interesante por las implicancias en el estudio de la localidad, sino porque el período estudiado permite, a la vez, tender puentes con la historia nacional, en el contexto mundial. Pensemos que se trata de los tiempos de la generación del '80...
Guardado en:
| Autor Principal: | |
|---|---|
| Formato: | Libro |
| Publicado: |
Bahía Blanca :
Editorial de la Universidad Nacional del Sur. Ediuns,
2012
|
| Series: | Cuadernos de Historias del Sur Bonaerense ; 3
|
| Materias: | |
| Acceso en línea: | Clic aquí para acceder al texto en formato digital. |
| Etiquetas: |
Agregar Etiqueta
Sin Etiquetas, Sea el primero en etiquetar este registro!
|
| LEADER | 02884nam a22003015a 4500 | ||
|---|---|---|---|
| 001 | CEM.cems013880 | ||
| 008 | 130507s2012##################000#0#####d | ||
| 005 | 20240412080526.0 | ||
| 245 | 1 | 0 | |a La california del sur : |b de la construcción del nudo ferro-portuario al centenario local : |c Diana Itatí Ribas y Fabiana Tolcachier ; coordinado Por Raúl Armando Menghini ... [et Al.] |
| 260 | |a Bahía Blanca : |b Editorial de la Universidad Nacional del Sur. Ediuns, |c 2012 | ||
| 300 | |a 136 p. | ||
| 490 | 0 | |a Cuadernos de Historias del Sur Bonaerense ; 3 | |
| 505 | 0 | |a La "California del Sur" -- La imaginación del poder -- ¿Los argentinos descendemos de los barcos? -- ¿Un Hotel para inmigrantes? -- ¿Cultura de mezcla o crisol de razas? El Centenario -- Britanización -- El monumento al Barón de Hirsch -- El monumento a Garibaldi -- El monumento de los libaneses -- Entre los VyC y los NyC Propuestas de actividades -- Núcleo temático 1: La segunda fundación de Bahía Blanca -- Núcleo temático 2: Una cultura de mezcla -- Núcleo temático 3: La calle de los rusos | |
| 520 | |a La temática que indaga este Cuaderno no sólo resulta interesante por las implicancias en el estudio de la localidad, sino porque el período estudiado permite, a la vez, tender puentes con la historia nacional, en el contexto mundial. Pensemos que se trata de los tiempos de la generación del '80 y la consolidación del incipiente Estado nacional, contenido que se desarrolla en la Educación Secundaria. El estudio de Bahía Blanca como construcción ferro-portuaria habla, también, del proyecto político y económico de esa generación de la que daba cuenta. Lo mismo puede decirse de los contingentes inmigratorios que llegan a esta localidad, algunos para quedarse y otros para dirigirse hacia Buenos Aires. Comprender la configuración poblacional de la Bahía de hoy, indagando las primeras corrientes inmigratorias, fortalece la posibilidad de que los bahienses se reconozcan como parte de un nosotros amasado a lo largo del tiempo. | ||
| 500 | |a Incluye actividades para Educación Secundaria. | ||
| 020 | |a 9789871907212 | ||
| 100 | 1 | |a Ribas, Diana Itatí | |
| 082 | 0 | 4 | |a 982.12 |
| 653 | |a Historia | ||
| 653 | |a Historia bahiense | ||
| 856 | |u https://repositoriodigital.uns.edu.ar/handle/123456789/4203 |y Clic aquí para acceder al texto en formato digital. | ||
| 859 | |a CEMS |b BIB. CEMS - 11 de abril |h 982.12 |i R352 |p 26634.13 |t Ej.1 | ||
| 859 | |a CEMS |b BIB. CEMS - 11 de abril |h 982.12 |i R352 |p 26635.13 |t Ej.2 | ||
| 859 | |a CEMS |b BIB. CEMS - 11 de abril |h 982.12 |i R352 |p 29929.24 |t Ej.3 | ||
| 859 | |a CEMS |b BIB. CEMS - 11 de abril |h 982.12 |i R352 |p 29930.24 |t Ej.4 | ||
| 859 | |a CEMS |b BIB. CEMS - 11 de abril |h 982.12 |i R352 |p 29931.24 |t Ej.5 | ||
| 859 | |a CEMS |b BIB. CEMS - Agricultura |h 982.12 |i R352 |p A3669.24 |t Ej.6 | ||
| 859 | |a CEMS |b BIB. CEMS - Agricultura |h 982.12 |i R352 |p A3670.24 |t Ej.7 | ||
